Informačné technológie v riadení a vzdelávaní medzinárodný vedecký seminár : 15. november 2007, Nitra

Podrobná bibliografia
Ďalší autori: Hallová, Marcela, 1982- (Zostavovateľ, kompilátor)
Médium: Program E-kniha
Jazyk:slovenčina
čeština
Fyzický popis:1 elektronický optický disk (CD-ROM) 12 cm
Vydavateľské údaje: Nitra Slovenská poľnohospodárska univerzita 2007
ISBN:9788080699680 (elektronická kniha)
Predmet:

MARC

LEADER 00000nam a2200000 a 4500
001 vtls009951792
003 SK-MaSNL
005 20260425232649.0
007 co cg mnuua
008 090921s2007 xo a fs 100 0 slo
015 |a SNBS2010/01-00587 
020 |a 9788080699680 (elektronická kniha) 
040 |a SNK  |b slo  |c SNK  |e AACR2 
041 0 |a slo  |a cze  |b cze  |b eng  |b slo 
044 |a xo  |c SK 
072 7 |a 004  |x Počítačová veda. Výpočtová technika. Informačné technológie  |2 konspekt 
080 |a 004  |2 2001 
080 |a 37.0  |2 2001 
080 |a 004.738.5  |2 2001 
080 |a (062.534)  |2 2001 
080 |a (0.034.44)  |2 2001 
245 0 0 |a Informačné technológie v riadení a vzdelávaní  |h elektronický zdroj  |b medzinárodný vedecký seminár : 15. november 2007, Nitra  |c zostavila: Marcela Hallová 
260 |a Nitra  |b Slovenská poľnohospodárska univerzita  |c 2007 
300 |a 1 elektronický optický disk (CD-ROM)  |c 12 cm 
500 |a Názov z titulnej obrazovky 
516 |a Textový dokument (zborník), súbory v rôznych formátoch (pdf, htm) 
538 |a Technické požiadavky: Adobe Reader 7.0, Windows Internet Explorer 
650 0 7 |a informačné technológie  |2 SNKPH  |9 1527 
650 0 7 |a vzdelávanie  |2 SNKPH  |9 4033 
650 0 7 |a internet  |2 SNKPH  |9 1833 
655 7 |a elektronické zdroje  |2 SNKPH  |9 90954 
655 7 |a CD-ROM  |2 SNKPH  |9 70236 
655 7 |a zborníky konferencií  |2 SNKPH  |9 70153 
700 1 |a Hallová, Marcela,  |d 1982-  |4 com  |9 160949 
919 |a 978-80-8069-968-0 
999 |c 745950  |d 747880 
952 |a SNK  |b SNK  |y PREZ  |7 0  |p 17A0630971  |o snkSCDM 2314  |i snk2009/16768  |8 0  |0 0  |1 0  |4 0  |d 2009-09-21  |l 0  |r 2026-02-23 23:15:37  |w 2026-02-23